00877cam a22002057i 4500020001800000040000800018082002600026100001500052245010500067300004200172490003200214500002100246650003100267650003500298710010400333856005600437942001000493999001700503952015100520 a9789924500100 cDLC a334 DEC 2017 C146 Or.1 aVong, Mun,10aProgress and challenges of deconcentration in Cambodia :bthe case of urban solid waste management / a1 online resource (vi, pages) :bPDF.0 aCDRI working paper series ; a"December 2016." 0aRefuse and refuse disposal 0aDecentralization in government2 aVidyāsthān Paṇṭuḥ Paṇṭāl niṅ Srāvjrāv ṭoempī Qabhivaḍḍhn ̊Kambujā,40uhttps://cdri.org.kh/wp-content/uploads/wp110e-1.pdf cAEDBB c21027d21027 0010406334_000000000000000_DEC_2017_C146_OR70992722aLBCbLBCcC146d2023-02-03o334 DEC 2017 C146 Or.pa071096r2023-02-03w2023-02-03yAEDBB